000 00825nam a2200253 a 4500
001 000020027
005 20200929170233.0
008 840313s1968 sp 001 p spa d
040 _aDO-SdBNP
_cCarP
_dDLC
082 _a861.62
_bU54an, 1968
100 1 _aUnamuno, Miguel de,
_d1864-1936
_96254
245 1 3 _aAntología poética /
_cMiguel de Unamuno ; prólogo de José María de Cossío.
250 _a6a ed.
260 _aMadrid :
_bEspasa-Calpe,
_c1968.
300 _a152 p. ;
_c18 cm.
490 1 _aAustral. Violeta: teatro y poesía
_v601
500 _aIncluye índice de autores
650 4 _aPoesía española
_9631
650 4 _aLiteratura española
_9632
700 1 _aCossío, José María de,
_epról.
_941973
830 0 _aAustral.
_pVioleta: teatro y poesía;
_v601
_939559
910 _aWM
049 _aBNGR
999 _c19539
_d19539